[Event "Nuremberg LGA Cup 7th"]
[Site "Nuremberg"]
[Date "2010.09.03"]
[Round "3"]
[White "Melzner, Lukas"]
[Black "Heinz, Friedrich"]
[Result "1-0"]
[WhiteElo "2159"]
[BlackElo "1768"]
[PlyCount "53"]
[EventDate "2010.09.02"]
[EventType "swiss"]
[EventRounds "7"]
[EventCountry "GER"]
[SourceTitle "CBM 138 Extra"]
[Source "ChessBase"]
[SourceDate "2010.10.29"]
[SourceVersion "1"]
[SourceVersionDate "2010.10.29"]
[SourceQuality "1"]

1. c4 e5 2. g3 Nc6 3. Bg2 Nf6 4. Nc3 Bc5 5. e3 d6 6. Nge2 Bg4 7. h3 Be6 8. d4 exd4 9. exd4 Bxc4 10. dxc5 Ne5 11. 0-0 0-0 12. cxd6 cxd6 13. b3 Ba6 14. b4 Qb6 15. b5 Bxb5 16. Nxb5 Qxb5 17. Nd4 Qc4 18. Be3 d5 19. Qb3 Qc8 20. Rac1 Qd7 21. Qb5 Qd8 22. Qxb7 Nc4 23. Nc6 Qd6 24. Bf4 Qa3 25. Ne7+ Kh8 26. Nxd5 Rab8 27. Bxb8 1-0

[Event "Nuremberg LGA Cup 7th"]
[Site "Nuremberg"]
[Date "2010.09.02"]
[Round "1"]
[White "Melzner, Lukas"]
[Black "Forster, Stephan"]
[Result "1-0"]
[WhiteElo "2159"]
[BlackElo "1521"]
[PlyCount "39"]
[EventDate "2010.09.02"]
[EventType "swiss"]
[EventRounds "7"]
[EventCountry "GER"]
[SourceTitle "CBM 138 Extra"]
[Source "ChessBase"]
[SourceDate "2010.10.29"]
[SourceVersion "1"]
[SourceVersionDate "2010.10.29"]
[SourceQuality "1"]

1. c4 e6 2. Nf3 d5 3. g3 c6 4. Bg2 f5 5. 0-0 Nf6 6. d3 Be7 7. b3 0-0 8. Bb2 h6 9. Nbd2 Nbd7 10. Qc2 Qe8 11. e4 fxe4 12. dxe4 Nb6 13. exd5 exd5 14. Rfe1 Qd8 15. Nh4 dxc4 16. Ng6 Rf7 17. Nxe7+ Rxe7 18. Bxf6 gxf6 19. Qg6+ Rg7 20. Re8+ 1-0

[Event "Stuttgart-chA int"]
[Site "Ditzingen"]
[Date "2010.05.14"]
[Round "4"]
[White "Donchenko, Anatoly G"]
[Black "Melzner, Lukas"]
[Result "1-0"]
[WhiteElo "2384"]
[BlackElo "2122"]
[PlyCount "33"]
[EventDate "2010.05.13"]
[EventType "swiss"]
[EventRounds "7"]
[EventCountry "GER"]
[SourceTitle "EXT 2018"]
[Source "ChessBase"]
[SourceDate "2017.10.13"]
[SourceVersion "1"]
[SourceVersionDate "2017.10.13"]
[SourceQuality "1"]

1. Nf3 e6 2. c4 Nf6 3. g3 b6 4. Bg2 Bb7 5. d4 Be7 6. 0-0 0-0 7. Nc3 d5 8. cxd5 Nxd5 9. Nxd5 Bxd5 10. Qc2 Nd7 11. e4 Bb7 12. Rd1 f5 13. exf5 exf5 14. Bf4 Bd6 15. Qb3+ Kh8 16. Ng5 Bxg2 17. Ne6 1-0

[Event "Regionalliga SW 0809"]
[Site "Bayern"]
[Date "2009.03.01"]
[Round "7.5"]
[White "Melzner, Lukas"]
[Black "Tudosa, Daniel"]
[Result "1-0"]
[WhiteElo "1973"]
[BlackElo "2027"]
[PlyCount "105"]
[EventDate "2008.10.05"]
[EventType "team-tourn"]
[EventRounds "9"]
[EventCountry "GER"]
[SourceTitle "EXT 2020"]
[Source "ChessBase"]
[SourceDate "2019.10.17"]
[SourceVersion "1"]
[SourceVersionDate "2019.10.17"]
[SourceQuality "1"]
[WhiteTeam "Muenchen Suedost"]
[BlackTeam "Tuerkheim"]
[WhiteTeamCountry "GER"]
[BlackTeamCountry "GER"]

1. c4 Nf6 2. Nc3 e6 3. e4 c5 4. e5 Ng8 5. Nf3 Nc6 6. d4 cxd4 7. Nxd4 a6 8. Nxc6 dxc6 9. Qxd8+ Kxd8 10. Be3 Kc7 11. 0-0-0 Nh6 12. Na4 b5 13. Nb6 Rb8 14. Nxc8 Rxc8 15. Bxh6 gxh6 16. g3 Bc5 17. f4 Rcd8 18. Be2 Bd4 19. cxb5 axb5 20. Kc2 Rd7 21. Bd3 h5 22. Rhe1 h6 23. Re4 Bc5 24. a4 Rhd8 25. Be2 Rxd1 26. Bxd1 bxa4 27. Bxh5 Rd7 28. Rxa4 Bg1 29. h3 Be3 30. Re4 Bf2 31. g4 Kd8 32. g5 hxg5 33. fxg5 Bg3 34. h4 Ke7 35. Bf3 Rd5 36. b4 c5 37. Rg4 Rxe5 38. Rxg3 cxb4 39. Rg4 Re3 40. Bb7 b3+ 41. Kb2 Kf8 42. Rb4 Rh3 43. Bc6 Kg7 44. Ba4 Rh2+ 45. Kxb3 Kg6 46. Kc3 Rh1 47. Kd2 e5 48. Bd1 Rf1 49. Rg4 Rf4 50. h5+ Kf5 51. Rxf4+ exf4 52. h6 Kg6 53. Bc2+ 1-0

[Event "Staufer op 20th"]
[Site "Schwaebisch Gmuend"]
[Date "2008.01.06"]
[Round "9"]
[White "Melzner, Lukas"]
[Black "Thieme Garmann, Alexander"]
[Result "1-0"]
[WhiteElo "2068"]
[BlackElo "2165"]
[PlyCount "73"]
[EventDate "2008.01.02"]
[EventType "swiss"]
[EventRounds "9"]
[EventCountry "GER"]
[SourceTitle "CBM 122 Extra"]
[Source "ChessBase"]
[SourceDate "2008.03.04"]
[SourceVersion "1"]
[SourceVersionDate "2008.03.04"]
[SourceQuality "1"]

1. c4 e5 2. g3 g6 3. Bg2 Bg7 4. Nc3 Nc6 5. Rb1 d6 6. b4 Nf6 7. e3 0-0 8. b5 Ne7 9. Nge2 Be6 10. d3 Qc8 11. 0-0 Bh3 12. d4 Bxg2 13. Kxg2 Nd7 14. Ba3 b6 15. f4 Nf5 16. Nd5 exf4 17. Rxf4 Re8 18. e4 Nh6 19. Nec3 f5 20. Qd3 Nf8 21. Rff1 Kh8 22. Bc1 fxe4 23. Nxe4 Nf5 24. Ndf6 Re7 25. g4 Nh6 26. Bxh6 Bxh6 27. g5 Bg7 28. Rf3 Ne6 29. Rbf1 Rf7 30. Rh3 Bxf6 31. gxf6 Kg8 32. d5 Nc5 33. Nxc5 bxc5 34. Rf4 Qf8 35. Rfh4 Rxf6 36. Rxh7 Rf2+ 37. Kg1 1-0

[Event "GER-ch U25"]
[Site "Willingen"]
[Date "2007.05.26"]
[Round "1"]
[White "Stoevesand, Peter"]
[Black "Melzner, Lukas"]
[Result "0-1"]
[WhiteElo "1431"]
[BlackElo "2007"]
[PlyCount "106"]
[EventDate "2007.05.26"]
[EventType "swiss"]
[EventRounds "9"]
[EventCountry "GER"]
[SourceTitle "CBM 118 Extra"]
[Source "ChessBase"]
[SourceDate "2007.07.04"]
[SourceVersion "1"]
[SourceVersionDate "2007.07.04"]
[SourceQuality "1"]

1. e4 e6 2. d4 d5 3. e5 c5 4. c3 Nc6 5. Nf3 Qb6 6. Bd3 Bd7 7. Bc2 cxd4 8. cxd4 Nb4 9. a3 Nxc2+ 10. Qxc2 Rc8 11. Nc3 Ne7 12. 0-0 Bb5 13. Rd1 Bc4 14. Qa4+ Nc6 15. Nd2 Qxd4 16. Nxc4 Qxc4 17. Qxc4 dxc4 18. Re1 Be7 19. Re4 0-0 20. Rg4 Nxe5 21. Rg3 Rfd8 22. Bf4 Ng6 23. Be3 Bc5 24. Bxc5 Rxc5 25. Rg4 Ne5 26. Ne4 Nxg4 27. Nxc5 b6 28. h3 Nf6 29. Na4 Kf8 30. Rc1 Nd5 31. Rxc4 b5 32. Rh4 bxa4 33. Rxh7 Nb6 34. g4 Rd2 35. Rh8+ Ke7 36. Rb8 Rxb2 37. Rb7+ Kf6 38. Rxa7 Rb3 39. Rb7 Nd5 40. Ra7 Rxa3 41. Kg2 Nf4+ 42. Kh2 Nxh3 43. Kg2 Nf4+ 44. Kh2 g5 45. f3 Ra1 46. Kg3 a3 47. Ra4 Ng6 48. f4 gxf4+ 49. Kf3 a2 50. Ke2 Rh1 51. Kf3 a1Q 52. Rc4 Ne5+ 53. Kg2 Qf1# 0-1

[Event "Stuttgart-chA int"]
[Site "Gerlingen"]
[Date "2007.05.19"]
[Round "5"]
[White "Melzner, Lukas"]
[Black "Rudhart, Michael"]
[Result "1-0"]
[WhiteElo "2007"]
[BlackElo "1930"]
[PlyCount "113"]
[EventDate "2007.05.17"]
[EventType "swiss"]
[EventRounds "7"]
[EventCountry "GER"]
[SourceTitle "EXT 2018"]
[Source "ChessBase"]
[SourceDate "2017.10.13"]
[SourceVersion "1"]
[SourceVersionDate "2017.10.13"]
[SourceQuality "1"]

1. c4 c5 2. Nc3 Nc6 3. g3 Nf6 4. Bg2 g6 5. d3 Bg7 6. Nf3 0-0 7. 0-0 d5 8. cxd5 Nxd5 9. Bd2 e6 10. Qc1 b6 11. Bh6 Bb7 12. Bxg7 Kxg7 13. Rb1 Rc8 14. a3 Kg8 15. Qd2 Qd7 16. Rfc1 Rfd8 17. Ng5 f5 18. Nf3 Nd4 19. Nxd4 cxd4 20. Nxd5 Bxd5 21. Bxd5 Qxd5 22. Rxc8 Rxc8 23. Rc1 Rc5 24. b4 Rc6 25. Rxc6 Qxc6 26. Qf4 Qa4 27. Qxd4 Qxa3 28. Qd8+ Kg7 29. Qe7+ Kh6 30. Qf8+ Kh5 31. Qe7 Kh6 32. Qh4+ Kg7 33. Qd4+ Kh6 34. b5 Qb3 35. Qf4+ Kg7 36. Qe5+ Kh6 37. h4 Qa2 38. Kh2 Qb3 39. Kh3 Qd1 40. Kh2 Qb3 41. f3 Qd5 42. Qxd5 exd5 43. e4 fxe4 44. dxe4 dxe4 45. fxe4 Kg7 46. Kg2 Kf6 47. Kf3 Ke5 48. Ke3 h6 49. g4 g5 50. h5 Ke6 51. Kd4 Kd6 52. e5+ Kd7 53. Kd5 Ke7 54. e6 Ke8 55. Kd6 Kd8 56. e7+ Ke8 57. Ke6 1-0